000 00753nam a22001697a 4500
008 111109t xxu||||| |||| 00| 0 eng d
050 _aHA29.H662
100 _aHoel, Paul G.
245 _aElementary statistics /
_cPaul G. Hoel
250 _a2nd ed.
260 _aNew York:
_bJohn Wiley & Sons,
_cc1966.
300 _aix, 351 p.:
_bill.
_c24cm.
500 _aIncludes index.
505 _aContents: The Nature of statistical methods -- The Description of sample data -- Probability -- Theoretical frequency distribution -- Sampling -- Estimation -- Testing hypothesis -- Correlation -- Regression -- The Chi-square distribution -- Nonparametric tests -- Analysis of variance -- Time series and index numbers.
650 _aStatistics
942 _2lcc
_cBK
999 _c253
_d7753